000 01517nam0a2200301 i 4500
001 RU\NLR\BIBL_A\010465192
005 20241103085655.0
010 _a9785209051190
_9500
021 _aRU
_b2014-52720
_93184
035 _a(NILC)RuMoRGB-007523228
035 _a(NLR Aleph) 010465192
090 _a9998087
_c9998087
100 _a20140923d2013 u y0rusy50 ca
101 0 _arus
102 _aRU
105 _ay|||z|||000yy
200 1 _aАрхитектурная акустика
_eучебно-методическое пособие
_e[для бакалавров по направлению 521700 "архитектура"]
_fГ.И. Микита
_gФедер. гос. бюджет. образоват. учреждение высш. проф. образования Рос. ун-т дружбы народов
210 _aМосква
_cРоссийский университет дружбы народов
_d2013
215 _a18, [1] с.
_c29
320 _aБиблиогр.: с. 18 (3 назв.)
606 _aАрхитектурная акустика
_jУчебно-методические пособия для высших учебных заведений
_9917587
_3RU\NLR\AUTH\6616713
686 1 _aН113.21я73-1
700 1 _7ca
_8rus
_aМикита
_bГ. И.
_f1960-
_gГурий Иштванович
_9137742
_3RU\NLR\AUTH\770137777
801 0 _aRU
_bРГБ
_c20140721
_gRCR
942 _cBOOK
980 _aNBR